| 000 | 00341nam a22001217a 4500 | ||
|---|---|---|---|
| 008 | 230620b xxu||||| |||| 00| 0 eng d | ||
| 082 |
_a323.168 _bCOM |
||
| 110 | _bCommonwealth Secretariat | ||
| 245 |
_aRacism in Southern Africa _bthe commonwealth stand |
||
| 260 |
_aLondon _bCommonwealth secretariat _c1987 |
||
| 300 | _a47p | ||
| 942 |
_2ddc _cBK |
||
| 999 |
_c1786 _d1786 |
||